000 00899nam a22002415i 4500
001 177719
003 ES-MaACL
005 20230906220409.0
008 110414s1948 be f |||| | fre d
080 _a75 Heintz , Richard
100 1 _aBosmant, Jules.
_9146185
245 1 0 _aRichard Heintz /
_cpar Jules Bosmant.
260 _aAnvers :
_bDe Sikkel, pour le Ministere de l'Instruction Publique,
_ccop. 1948.
300 _a13, [24] p. de lám. bl. y n. , [2] h. de lám. col. y n. ;
_c25 cm.
490 1 _aMonographies de l'art belge. Deuxième Série ;
_v4
500 _aÍndice.
504 _aBibliografía: p. 11.
546 _aTexto en francés, leyenda de las ilustraciones en francés y holandés.
600 1 4 _aHeintz, Richard.
_9146186
830 0 _aMonographies de l'art belge. Deuxième Série ;
_v4
_9190568
852 _aES-MaACL
_jE-14909
_xOlim P-972
999 _c177719
_d177719